Steven Spielberg / (Record no. 523628)

000 -LEADER
fixed length control field 00955pam a2200301 a 4500
001 - CONTROL NUMBER
control field 3822533
003 - CONTROL NUMBER IDENTIFIER
control field NUST
005 - DATE AND TIME OF LATEST TRANSACTION
control field 20190516080008.0
008 - FIXED-LENGTH DATA ELEMENTS--GENERAL INFORMATION
fixed length control field 860106s1986 mau b 001 0 eng
010 ## - LIBRARY OF CONGRESS CONTROL NUMBER
LC control number 86000220
020 ## - INTERNATIONAL STANDARD BOOK NUMBER
International Standard Book Number 0805793070 (alk. paper)
038 ## - RECORD CONTENT LICENSOR
Staff Name 0
040 ## - CATALOGING SOURCE
Original cataloging agency DLC
Transcribing agency DLC
Modifying agency DLC
050 00 - LIBRARY OF CONGRESS CALL NUMBER
Classification number PN1998.A3
Item number S6843 1986
082 00 - DEWEY DECIMAL CLASSIFICATION NUMBER
Classification number 791.43/0233/0924
Edition number 19
100 1# - MAIN ENTRY--PERSONAL NAME
Personal name Mott, Donald R.
9 (RLIN) 14376
245 10 - TITLE STATEMENT
Title Steven Spielberg /
Statement of responsibility, etc. Donald R. Mott, Cheryl McAllister Saunders.
260 ## - PUBLICATION, DISTRIBUTION, ETC.
Place of publication, distribution, etc. Boston :
Name of publisher, distributor, etc. Twayne Publishers,
Date of publication, distribution, etc. c1986.
300 ## - PHYSICAL DESCRIPTION
Extent xv, 199 p. ;
Dimensions 23 cm.
440 #0 - SERIES STATEMENT/ADDED ENTRY--TITLE
Title Twayne's filmmakers series
9 (RLIN) 14377
500 ## - GENERAL NOTE
General note Includes index.
504 ## - BIBLIOGRAPHY, ETC. NOTE
Bibliography, etc. note Bibliography: p. 170-176.
504 ## - BIBLIOGRAPHY, ETC. NOTE
Bibliography, etc. note Filmography: p. 177-189.
600 10 - SUBJECT ADDED ENTRY--PERSONAL NAME
Personal name Spielberg, Steven,
Dates associated with a name 1946-
General subdivision Criticism and interpretation.
9 (RLIN) 14378
700 1# - ADDED ENTRY--PERSONAL NAME
Personal name Saunders, Cheryl McAllister.
9 (RLIN) 14379
906 ## - LOCAL DATA ELEMENT F, LDF (RLIN)
a 7
b cbc
c orignew
d 1
e ocip
f 19
g y-gencatlg
942 ## - ADDED ENTRY ELEMENTS (KOHA)
Source of classification or shelving scheme
Koha item type Book
Holdings
Withdrawn status Lost status Source of classification or shelving scheme Damaged status Not for loan Permanent Location Current Location Date acquired Total Checkouts Full call number Barcode Date last seen Price effective from Koha item type
          Central Library (CL) Central Library (CL) 05/16/2019   791.43/0233/0924 MOT CL-E-2084 05/16/2019 05/16/2019 Book
© 2023 Central Library, National University of Sciences and Technology. All Rights Reserved.